000 00776nam a22002417a 4500
003 OSt
005 20240729131323.0
008 240729b |||||||| |||| 00| 0 eng d
020 _a013229799x
040 _cMUST
082 _a330 SHE 1984
100 _aShearer, Ronald A.
_919030
245 _aThe economics of the Canadian financial systems :
_btheory, policy and institutions /
_cRonald A. Shearer, John F. Chant, David E. Bond
250 _a2nd.ed.
260 _aOntario
_bPrentice-Hall Inc
_c1984
300 _axvi, 671p. :
_bill.;
_c32 cm.
504 _aIncludes bibliographical references and index
650 _aEconomics
_9975
650 _aFinancial systems
_919031
700 _aChant, John F.
_919032
700 _aBond, David E.
_919033
942 _2ddc
_cO_SHELF
999 _c9309
_d9309